Statistics for Can you name every stat Joe Burrow led the 2021 season in??

Click here to take the quiz!

General Stats

  • This quiz has been taken 24 times
  • The average score is 1 of 9

Answer Stats

HintAnswer% Correct
6Pass Completion Percent
70%
1Times Sacked
45%
2Sack Yards Lost
5%
4Yards Per Pass Completion
5%
5Adjusted Yards Per Pass Attempt
0%
9Adjusted Yards Per Pass Attempt Index
0%
7Pass Completion Percent Index
0%
3Yards Per Pass Attempt
0%
8Yards Per Pass Attempt Index
0%

Score Distribution

Percentile by Number Answered

Percent of People with Each Score

Your Score History

You have not taken this quiz